000 01008nam a2200265Ia 4500
003 OSt
005 20221005113202.0
006 a|||||r|||| 00| 0
007 ta
008 221004b |||||||| |||| 00| 0 pan d
020 _a9789384717896 (hbk)
_cINR 200.00
024 _a38947
037 _b234, 17/03/2018, National Book Shop
_cTextual
040 _aCRL
_cCRL
_bpan
041 _2pan
_apan
082 _aO153,3NWA,AR, Q6
100 _aਵਾਲ, ਬਿੰਦਰ ਕੋਲੀਆਂ, ਂਚ.
_9160792
245 0 _aਅਣਪਛਾਤੇ ਗਰਾਂ ਦੇ ਪਾਂਧੀ
260 _aਪੰਜਾਬ
_bਸਾਹਿਬਦੀਪ ਪ੍ਰਕਾFਨ ਭੀਖੀ ਭਾਰਤ
_c2016
300 _a160ਪ0
_ccm.
650 _a ਪੰਜਾਬੀ ਕਹਾਣੀ
650 _aਪੰਜਾਬੀ ਸਾਹਿਤ
942 _hO153,3NWA,AR, Q6
_cTEXL
_2cc
999 _c1027329
_d1027329